<?xml version="1.0" encoding="UTF-8"?>
<record
    xmlns:xsi="http://www.w3.org/2001/XMLSchema-instance"
    xsi:schemaLocation="http://www.loc.gov/MARC21/slim http://www.loc.gov/standards/marcxml/schema/MARC21slim.xsd"
    xmlns="http://www.loc.gov/MARC21/slim">

  <leader>01295nam a2200313 a 4500</leader>
  <controlfield tag="001"> </controlfield>
  <controlfield tag="003">OSt</controlfield>
  <controlfield tag="005">20260114123504.0</controlfield>
  <controlfield tag="008">090416s2019   dr a   spa   d0101</controlfield>
  <datafield tag="020" ind1=" " ind2=" ">
    <subfield code="a">9789945220032</subfield>
  </datafield>
  <datafield tag="040" ind1=" " ind2=" ">
    <subfield code="a">DO-SdBNP</subfield>
    <subfield code="b">spa</subfield>
    <subfield code="c">BNPHU</subfield>
  </datafield>
  <datafield tag="082" ind1=" " ind2=" ">
    <subfield code="a">972.9377</subfield>
    <subfield code="b">M516r </subfield>
    <subfield code="2">22</subfield>
  </datafield>
  <datafield tag="100" ind1=" " ind2=" ">
    <subfield code="a">Mej&#xED;a, Osiris </subfield>
    <subfield code="d">1972-</subfield>
    <subfield code="9">77702</subfield>
  </datafield>
  <datafield tag="245" ind1="1" ind2="3">
    <subfield code="a">Ra&#xED;ces de  Sabana Grande de Boy&#xE1; /</subfield>
    <subfield code="c">Flanklin Osiris Mej&#xED;a Macario </subfield>
    <subfield code="b"> </subfield>
  </datafield>
  <datafield tag="260" ind1=" " ind2=" ">
    <subfield code="a">Santo Domingo :</subfield>
    <subfield code="b">B&#xFA;ho,</subfield>
    <subfield code="c">2019</subfield>
  </datafield>
  <datafield tag="300" ind1=" " ind2=" ">
    <subfield code="a">77 p. :</subfield>
    <subfield code="b">il. , retrs. ;</subfield>
    <subfield code="c">23 cm.</subfield>
  </datafield>
  <datafield tag="500" ind1=" " ind2=" ">
    <subfield code="a">Incluye referencias bibliogr&#xE1;ficas y notas al pie de las p&#xE1;ginas </subfield>
  </datafield>
  <datafield tag="500" ind1=" " ind2=" ">
    <subfield code="a">Incluye &#xED;ndice</subfield>
  </datafield>
  <datafield tag="505" ind1=" " ind2=" ">
    <subfield code="a">Breve rese&#xF1;a hist&#xF3;rica del origen de Sabana Grande de Boy&#xE1; -- Los apodos de mi pueblo -- C&#xF3;mo surgieron algunos apodos -- Desaf&#xED;os obrero.</subfield>
  </datafield>
  <datafield tag="590" ind1=" " ind2=" ">
    <subfield code="a">Inventariado, 2021/VM</subfield>
  </datafield>
  <datafield tag="650" ind1=" " ind2="4">
    <subfield code="a">Ciudades y pueblos</subfield>
    <subfield code="z">Rep&#xFA;blica Dominicana</subfield>
    <subfield code="9">784</subfield>
  </datafield>
  <datafield tag="650" ind1=" " ind2="4">
    <subfield code="a">Desarrollo rural </subfield>
    <subfield code="z">Sabana Grande De Boy&#xE1; (Rep&#xFA;blica Dominicana)</subfield>
    <subfield code="x">Historia </subfield>
    <subfield code="9">77703</subfield>
  </datafield>
  <datafield tag="650" ind1=" " ind2="0">
    <subfield code="a">Grupos sociales </subfield>
    <subfield code="9">1635</subfield>
  </datafield>
  <datafield tag="651" ind1=" " ind2="4">
    <subfield code="a">Sabana Grande De Boy&#xE1; (Rep&#xFA;blica Dominicana)</subfield>
    <subfield code="x">Historia Local</subfield>
    <subfield code="9">12977</subfield>
  </datafield>
  <datafield tag="651" ind1=" " ind2="4">
    <subfield code="a">Sabana Grande De Boy&#xE1; (Rep&#xFA;blica Dominicana)</subfield>
    <subfield code="x">Condiciones Econ&#xF3;micas</subfield>
    <subfield code="x">Historia</subfield>
    <subfield code="9">12978</subfield>
  </datafield>
  <datafield tag="700" ind1="1" ind2="2">
    <subfield code="a">Salazar, Manuel,</subfield>
    <subfield code="e">pr&#xF3;l.</subfield>
    <subfield code="9">2454</subfield>
  </datafield>
  <datafield tag="910" ind1=" " ind2=" ">
    <subfield code="a">Vmateo</subfield>
  </datafield>
  <datafield tag="942" ind1=" " ind2=" ">
    <subfield code="2">ddc</subfield>
    <subfield code="c">LBS1</subfield>
  </datafield>
  <datafield tag="952" ind1=" " ind2=" ">
    <subfield code="0">0</subfield>
    <subfield code="1">0</subfield>
    <subfield code="2">ddc</subfield>
    <subfield code="5">1</subfield>
    <subfield code="7">1</subfield>
    <subfield code="8">PD</subfield>
    <subfield code="a">BNPHU</subfield>
    <subfield code="b">PD</subfield>
    <subfield code="c">HD</subfield>
    <subfield code="d">2021-01-27</subfield>
    <subfield code="e">Osiris Mej&#xED;a </subfield>
    <subfield code="l">0</subfield>
    <subfield code="o">BNPHU PD 972.9377 M516r </subfield>
    <subfield code="p">2021-0121</subfield>
    <subfield code="r">2021-01-27</subfield>
    <subfield code="w">2021-01-27</subfield>
    <subfield code="y">LFPD</subfield>
  </datafield>
  <datafield tag="952" ind1=" " ind2=" ">
    <subfield code="0">0</subfield>
    <subfield code="1">0</subfield>
    <subfield code="2">ddc</subfield>
    <subfield code="5">1</subfield>
    <subfield code="7">2</subfield>
    <subfield code="8">PD</subfield>
    <subfield code="a">BNPHU</subfield>
    <subfield code="b">PD</subfield>
    <subfield code="c">HD</subfield>
    <subfield code="d">2021-01-27</subfield>
    <subfield code="e">Osiris Mej&#xED;a </subfield>
    <subfield code="l">0</subfield>
    <subfield code="o">BNPHU PD 972.9377 M516r </subfield>
    <subfield code="p">2021-0122</subfield>
    <subfield code="r">2021-01-27</subfield>
    <subfield code="t">e.2</subfield>
    <subfield code="w">2021-01-27</subfield>
    <subfield code="y">LFPD</subfield>
  </datafield>
  <datafield tag="952" ind1=" " ind2=" ">
    <subfield code="0">0</subfield>
    <subfield code="1">0</subfield>
    <subfield code="2">ddc</subfield>
    <subfield code="5">6</subfield>
    <subfield code="7">0</subfield>
    <subfield code="8">DS</subfield>
    <subfield code="a">BNPHU</subfield>
    <subfield code="b">GR</subfield>
    <subfield code="c">HD</subfield>
    <subfield code="d">2021-01-27</subfield>
    <subfield code="e">Osiris Mej&#xED;a </subfield>
    <subfield code="l">0</subfield>
    <subfield code="o">BNPHU DS 972.9377 M516r </subfield>
    <subfield code="p">2021-0123</subfield>
    <subfield code="r">2021-01-27</subfield>
    <subfield code="t">e.3</subfield>
    <subfield code="w">2021-01-27</subfield>
    <subfield code="y">LFDS</subfield>
  </datafield>
  <datafield tag="999" ind1=" " ind2=" ">
    <subfield code="c">49338</subfield>
    <subfield code="d">49338</subfield>
  </datafield>
</record>
